00505nam a2200193 a 4500001001300000003000900013005001700022008004100039020001000080082001800090100001800108245004600126260003900172300000800211500003500219505002100254650001800275700001800293nice12345678IN_TiNIC20260116011813.0050524s1934 tura grp 000 0 eng  ac10000a220.9505bHER aHermansson, O aPadshahning Tyshib Raja`s Dream, Turkish aTurkibMission Press Kashgarc1934 a20p aincludes index and biblioraphy2 aTurkish language aBible Stories1 aHermansson, O